| 000 | 00630nam a22001931 4500 | ||
|---|---|---|---|
| 001 | 105225 | ||
| 003 | ES-MaACL | ||
| 007 | t| | ||
| 008 | 060619s1967 sp ||||0| spa d | ||
| 016 | 7 | _zIND9200523841 | |
| 040 |
_aM-BN _bspa _cA2 |
||
| 080 | _a343.1(46)(083.2) | ||
| 100 | 1 |
_aLópez-Muñiz Goñi, Miguel. _973811 |
|
| 245 | 1 | 0 |
_aProcedimiento de urgencia por delitos menos graves _b: (formularios y comentarios) / _cMiguel López-Muñiz Goñi. |
| 260 |
_aMadrid : _bGesta, _c1967. |
||
| 300 |
_a300 p ; _c21 cm. |
||
| 650 | 1 | 4 |
_aProcedimiento penal- _zEspaña- _vFormularios. _916430 |
| 852 |
_aES-MaACL _jC=33194 _bR.63368 |
||
| 999 |
_c105225 _d105225 |
||